Countries Most Similar To Turkmenistan - Statistics

General Stats
  • This quiz has been taken 86 times
  • The average score is 13 of 20
Answer Stats
Rank Country Score % Correct
1 Uzbekistan 80.4
95%
2 Kazakhstan 75
88%
4 Azerbaijan 71.3
86%
6 Iran 64.7
86%
8 Turkey 63.1
86%
11 Afghanistan 60.8
84%
20 Russia 57.4
84%
5 Tajikistan 69.8
84%
3 Kyrgyzstan 71.9
82%
17 Armenia 58.8
77%
12 Iraq 60.4
77%
9 Syria 61.8
77%
13 Mongolia 60
59%
7 Egypt 63.7
48%
16 Jordan 59.4
46%
10 Algeria 60.9
41%
19 Belarus 57.6
41%
15 Libya 59.8
41%
14 Tunisia 59.9
38%
18 Moldova 57.6
27%
No matching quizzes found
Score Distribution
Percent of People with Each Score
Percentile by Number Answered
Your Score History
You have not taken this quiz